000 00719nam a2200289Ia 4500
005 20260324131047.0
008 008 260324s9999 xx 000 0 eng d
020 _a9780080457277
037 _aEBOOK
040 _aCRL
040 _beng
040 _cCRL
041 _2eng
041 _aeng
084 _qCRL
100 _aNick Wells; Bruce Devlin; Jim Wilkinson; Oliver Morgan
_91184075
245 4 _aThe MXF Book
245 3 _bAn Introduction to the Material eXchange Format
260 _bTaylor and Francis
260 _c2006
365 _a
365 _b230
856 _uhttp://www.taylorfrancis.com/books/9780080457277
942 _cEBOOK
999 _c1780899
_d1780899